Theory and applications of mechanical vibrations/ (Record no. 9951)

MARC details
000 -LEADER
fixed length control field 00570nac a22001811u 4500
020 ## - INTERNATIONAL STANDARD BOOK NUMBER
International Standard Book Number 8131801004
082 ## - DEWEY DECIMAL CLASSIFICATION NUMBER
Classification number 620.1123
Item number ADH
090 ## - LOCALLY ASSIGNED LC-TYPE CALL NUMBER (OCLC); LOCAL CALL NUMBER (OCLC)
-- 9951
-- 9951
100 ## - MAIN ENTRY--PERSONAL NAME
Personal name Adhwarjee, Dilip Kumar
245 ## - TITLE STATEMENT
Title Theory and applications of mechanical vibrations/
Statement of responsibility, etc Dilip Kumar Adhwarjee
260 ## - PUBLICATION, DISTRIBUTION, ETC. (IMPRINT)
Place of publication, distribution, etc New Delhi:
Name of publisher, distributor, etc Laxmi publications,2007
Date of publication, distribution, etc 2007
300 ## - PHYSICAL DESCRIPTION
Extent 241p.:
Other physical details ill.;
Dimensions 23 cm.
500 ## - GENERAL NOTE
General note distributer: Al-Ahram
511 ## - PARTICIPANT OR PERFORMER NOTE
Participant or performer note catalogued by: wessam
650 ## - SUBJECT ADDED ENTRY--TOPICAL TERM
Topical term or geographic name as entry element Vibration
650 ## - SUBJECT ADDED ENTRY--TOPICAL TERM
Topical term or geographic name as entry element Mechanics, Applied
942 ## - ADDED ENTRY ELEMENTS (KOHA)
Item type Book - Borrowing
Call number prefix 620.1123ADH
Holdings
Withdrawn status Item status Damaged status Not for loan Home library Current library Shelving location Date acquired Source of acquisition Total Checkouts Full call number Barcode Date last seen Date last borrowed Koha item type
        Central Library Central Library First floor 26/06/2008 Purchase 2 620.1123ADH 000012690 15/07/2025 26/02/2017 Book - Borrowing